Lean Thinking:Cómo utilizar el pensamiento lean para eliminar los despilfarros y crear valor en la empresa

Sparad:
Bibliografiska uppgifter
Huvudupphovsmän: Womack, James .P (autor), Jones, Daniel T (Författare, medförfattare)
Materialtyp: Okänd
Språk:engelska
Publicerad: Nueva York, Estados Unidos: Gestión 2000, 2003.
Ämnen:
Taggar: Lägg till en tagg
Inga taggar, Lägg till första taggen!

MARC

LEADER 00000 a2200000 4500
003 CL-VaPUC
005 20231204145504.0
008 200318b ||||| |||| 00| 0 eng d
999 |c 384986  |d 384984 
020 |a 9788498750218 
040 |c Pontificia Universidad Católica de Valparaíso 
082 0 4 |a 658 WOM 2003 
100 1 |a Womack, James .P  |9 622437  |e autor 
245 1 0 |a Lean Thinking:Cómo utilizar el pensamiento lean para eliminar los despilfarros y crear valor en la empresa 
260 |a Nueva York, Estados Unidos:   |b Gestión 2000,   |c 2003. 
300 |a 501 páginas.  
583 |k Hugo Gaete  |c 20200318 
650 0 0 |a Administración de empresas   |9 260833 
650 0 0 |a Planificación estratégica   |9 259735 
650 0 0 |a Control de calidad   |9 259714 
650 0 0 |a Productividad   |9 335972 
700 |a Jones, Daniel T  |e author  |9 480973 
942 |2 ddc  |c BK  |n 1 
952 |0 0  |1 0  |2 ddc  |4 0  |6 658_000000000000000_WOM_2003  |7 0  |8 A  |9 551562  |a BIBING  |b BIBING  |c GEN  |d 2020-03-06  |e 87  |g 44980.00  |i 5573459  |l 5  |o 658 WOM 2003   |p 5573459  |r 2025-01-20  |s 2022-04-21  |t 1  |v 0.00  |w 2020-03-06  |y BK  |k EII